| 000 | 00446nam a2200205Ia 4500 | ||
|---|---|---|---|
| 008 | 210210b1907 xxu||||| |||| 00| 0 eng d | ||
| 041 | _aeng | ||
| 082 | _a531/146 | ||
| 100 | _aWATSON (W) | ||
| 245 | _aTextbook of physics Ed 4 | ||
| 250 | _a | ||
| 260 |
_aLondon _bLongmans Green & Co _c1907 |
||
| 300 | _axxvi,929 | ||
| 650 | _aTextbook | ||
| 650 | _aphysics | ||
| 650 | _aEd | ||
| 650 | _a4 | ||
| 690 | _aPhysics | ||
| 906 | _a008347 | ||
| 999 |
_c126287 _d126287 |
||